00445nam a2200133Ia 4500008004100000041000800041082001700049100002900066245004000095260003600135650001800171999002100189952010100210240821s2024 xx 000 0 und d aeng a616.028bATU aAtul Prabhakar Kulkarni. aTextbook of Mechanical Ventilation/ bJaypee Brothers Med. Pub.c2024 aCritical Care c1180968d1180968 00104070aMCPbMCPd2024-08-21l0o616.028 ATUpMCP-21181r2024-08-21 00:00:00w2024-08-21yBK